Responses for Show #2128 - Wednesday, December 1, 1993

1993 10th Anniversary Tournament semifinal game 3.

Contestants

[<< previous game]

Lionel Goldbart, a newsstand clerk from South Miami Beach, Florida

Frank Spangenberg, a transit cop from Douglaston, New York

Robert Slaven, a research officer from Yellowknife, Canada

[next game >>]

Jeopardy! Round responses

THE BODY HUMAN
PHOTOGRAPHERS
NURSERY RHYME WOMEN
HISTORICAL OPERAS
FOOD & DRINK
LATIN
    $100 1
Optic Nerve

Robert
    $100 5
"Life"

Frank
    $100 13
Mary

Robert
    $100 11
Attila

Frank
    $100 7
Limburger

Frank
    $100 4
Alma Mater

Lionel
    $200 2
Thyroid Gland

Robert
    $200 27
Ansel Adams

Robert
    $200 17
Pumpkin

Robert
    $200 19
(Lionel: Who was Cleopatra?)

Nefertiti

FrankLionel
    $200 9
Rhubarb

Frank
    $200 6
Alter Ego

Robert
    $300 3
Biceps

Frank
    $300 28
Diane Arbus

Lionel
    $300 16
Little Miss Muffet

Frank
    $300 20
Montezuma

Lionel
    $300 21
Julep

Lionel
    $300 8
Carpe Diem

Robert
    $400 18
Pancreas

Frank
    $400 29
Museum of Modern Art

Frank
    $400 15
(L: What is lean?)

Fat

FrankLionel
    $2,000 25
Jane Seymour

Frank
    $400 22
Phosphate

Lionel
    $400 10
First Edition

Lionel
    $500 24
(Robert: What is a mitre?)

the mitral valve

RobertFrank
    $500 30
Man Ray

Frank
    $500 14
Old Mother Hubbard

Frank
    $500 26
Vasco da Gama

Frank
    $500 23
Terrine

Triple Stumper
    $500 12
Non Compos Mentis

Robert

Scores at the first commercial break (after clue 15):

Robert Frank Lionel
$1,400 $1,700 $100

Scores at the end of the Jeopardy! Round:

Robert Frank Lionel
$1,300 $6,500 $1,200

Double Jeopardy! Round responses

VERMONT
RELIGION
BLACK AMERICA
MOVIES BY THE NUMBERS
POETRY
JOHN C. FREMONT
    $200 13
(L: What is the syrup maple?)

Sugar Maple

RobertLionel
    $200 2
Jehovah's Witnesses

Robert
    $200 16
Earvin "Magic" Johnson

Robert
    $200 27
The Three Musketeers

Robert
    $200 1
The Raven

Robert
    $200 24
The Rockies

Robert
    $400 15
Paul Revere

Robert
    $400 3
The Talmud

Robert
    $400 17
Booker T. Washington

Frank
    $400 25
"The Seven Year Itch"

Lionel
    $400 6
Walt Whitman

Lionel
    $400 30
Gold

Robert
    $600 18
Von Trapp

Robert
    $600 4
Taoism

Frank
    $600 19
(Robert: Who is Shirley Chisholm?)

Barbara Jordan

RobertLionel
    $600 9
"The Four Seasons"

Lionel
    $600 7
Honor

Frank
    $600 29
California

Frank
    $800 22
Abraham Lincoln

Lionel
    $800 5
Zen

Lionel
    $800 20
(Frank: Who is Toni Morrison?)

Alice Walker

FrankLionel
    $800 11
"Two Years Before the Mast"

Frank
    $800 10
It Might Have Been

Robert
    $800 28
(R: Who was Daniel Boone?)

Kit Carson

Robert
Triple Stumper
    $1000 23
Bennington

Frank
    $1000 8
Zoroastrianism

Robert
    $1000 21
Matthew Henson

Frank
    $1000 14
"The 39 Steps"

Frank
    $3,500 12
Ben Jonson

Frank
    $2,600 26
James Buchanan

Lionel

Scores at the end of the Double Jeopardy! Round:

Robert Frank Lionel
$4,700 $15,200 $8,000

[wagering suggestions for these scores]

Final Jeopardy! Round responses

U.S. HISTORY
RobertWhat was Garfield's assassination?
$4,700
LionelWhat is the
$7,899
FrankWhat is the Haymarket incident
$1,000
the Haymarket Riot

Final scores:

Robert Frank Lionel
$0 $16,200 $101
3rd place: $5,000 Finalist 2nd place: $5,000

Game dynamics:

Coryat scores:

Robert Frank Lionel
$4,700 $11,100 $6,400
20 R,
3 W
24 R
(including 2 DDs),
1 W
14 R
(including 1 DD),
3 W

Combined Coryat: $22,200

[game clues] [game scores] [suggest correction]

Game tape date: 1993-10-18
The J! Archive is created by fans, for fans. Scraping, republication, monetization, and malicious use prohibited; this site may use cookies and collect identifying information. See terms. The Jeopardy! game show and all elements thereof, including but not limited to copyright and trademark thereto, are the property of Jeopardy Productions, Inc. and are protected under law. This website is not affiliated with, sponsored by, or operated by Jeopardy Productions, Inc. Join the discussion at JBoard.tv.